MARC

LEADER 00000nam0a2200000 4500
001 86045
005 20231031101402.0
020 |a RU  |b 83-27135 
035 |a (RuTPU)RU\TPU\book\92427 
090 |a 86045 
100 |a 20051122d1983 km y0rusy5003 ca 
101 0 |a rus 
102 |a RU 
105 |a y z 000zy 
200 1 |a Измерение геофизических и технологических параметров в процессе бурения скважин  |f А. А. Молчанов 
210 |a Москва  |c Недра  |d 1983 
215 |a 189 с.  |c ил. 
320 |a Библиогр.: с. 187-188 
610 1 |a разведочное бурение 
610 1 |a скважины 
610 1 |a технический контроль 
610 1 |a телеметрические системы 
610 1 |a геофизические параметры 
610 1 |a технологические параметры 
610 1 |a измерение 
675 |a 550.822.7:622.24  |z rus 
700 1 |a Молчанов  |b А. А.  |g Анатолий Александрович 
801 0 |a RU  |b RuMRKP  |c 19950704  |g psbo 
801 1 |a RU  |b 63413507  |c 20051122  |g PSBO 
801 2 |a RU  |b 63413507  |c 20141010  |g PSBO 
942 |c BK